000 00392nam a2200157Ia 4500
008 230312s9999||||xx |||||||||||||| ||und||
020 _a0071375503
082 _a615.7
_bSHA-A
100 _aShargel ,Leon
245 0 _aApplied Biopharmaceutics & Pharmacokinentics
260 _bMC Graw Hill
_aUK
_c2005
300 _a892
546 _aEng.
650 _aPharmacy
_vPharmaceutics
942 _cBK
999 _c3838
_d3838